000 00967nam a2200217Ii 4500
003 JO-AjNU
008 230605s9999||||xx |||||||||||||| ||und||
017 _a2016/11/5075
020 _a978-9957-484-70-5
040 _aJO-AjNU
_bara
_erda
_cJO-AjNU
041 _aara
050 1 4 _aHV6431.M643 2016
100 3 _aمؤسسة فريدريش ايبرت - عمان - الأردن,
_eauthor
_956863
245 0 0 _aوسائل منع ومكافحة الإرهاب في الشرق الأوسط وشمال أفريقيا وفي الغرب: أوراق ومناقشات مؤتمر
264 3 1 _aعمان - العراق: مؤسسة فريدريش ايبرت، 2016
300 _a249ص
336 _atext
_btxt
_2rdacontent
337 _aunmediated
_bn
_2rdamedia
338 _avolume
_bnc
_2rdacarrier
650 4 _aالإرهاب الدولي - السياسة الدولية - الارهاب - جوانب اجتماعية - مؤتمرات - عمان - الاردن
_956864
999 _aA25448
_c29016
_d29016